| 000 | 00471nam a2200181Ia 4500 | ||
|---|---|---|---|
| 008 | 180921t1973 xxu||||| |||| 00| 0 sin d | ||
| 041 | _asin | ||
| 080 |
_a65 _bLOK |
||
| 100 | _aLokugamage, S.E. | ||
| 245 | _aමුලික කළමණාකරණය | ||
| 246 | _aMulika kalamanakaranaya | ||
| 260 |
_bM.D.Gunasena _aColombo _c1973 |
||
| 300 | _a98p., 22 cm | ||
| 650 | _aManagement | ||
| 942 | _cBK | ||
| 999 |
_c15210 _d15210 |
||
| 003 | LK-CoDNM | ||
| 040 |
_aLK-CoDNM _dLK-CoDNM _eLK-CoDNM |
||